Tylko 1 Cię Zabije - Nagła Śmierć - Statystyki

Ogólne statystyki
  • Ten quiz został rozwiązany 1 115 razy
  • Średni wynik to 7 z 27
Answers on the Grid
Answers color-coded by a green-red scale on the quiz's grid according to % correct below.
Kliknij
Kliknij
Kliknij
Kliknij
Kliknij
Kliknij
Kliknij
Kliknij
Kliknij
Kliknij
Kliknij
Kliknij
Kliknij
Kliknij
Kliknij
Kliknij
Kliknij
Kliknij
Kliknij
Kliknij
Kliknij
Kliknij
Kliknij
Kliknij
Kliknij
Kliknij
Kliknij
Kliknij
Kliknij
Kliknij
 
Statystyki odpowiedzi
Odpowiedź % Poprawnych
Kliknij
40%
Kliknij
34%
Kliknij
33%
Kliknij
32%
Kliknij
30%
Kliknij
30%
Kliknij
30%
Kliknij
29%
Kliknij
29%
Kliknij
29%
Kliknij
28%
Kliknij
28%
Kliknij
27%
Kliknij
27%
Kliknij
27%
Kliknij
26%
Kliknij
25%
Kliknij
25%
Kliknij
25%
Kliknij
25%
Kliknij
25%
Kliknij
24%
Kliknij
24%
Kliknij
24%
Kliknij
24%
Kliknij
22%
Kliknij
21%
Nie znaleziono quizów pasujących do podanych kryteriów
Rozkład punktacji
Procent ludzi z każdym wynikiem
Percentyl według liczby udzielonych odpowiedzi
Twoja historia wyników
Nie rozwiązałeś tego quizu